Normal view MARC view
  • Criminología

Entry Materia

Number of records used in: 13

001 - NÚMERO DE CONTROL DEL REGISTRO

  • campo de control: 7582

003 - IDENTIFICADOR DE NUMERO DE CONTROL

  • campo de control: MX-MxUPN

005 - FECHA Y HORA DE LA ÚLTIMA TRANSACCIÓN

  • campo de control: 20240425123134.0

008 - DATOS DE LONGITUD FIJA

  • campo de control de longitud fija: 240425n||acnnn|abn | ana |d

035 ## - NÚMERO DE CONTROL DEL SISTEMA

  • Número de control del sistema: UPN10000007587

040 ## - FUENTE DE LA CATALOGACIÓN

  • Centro catalogador de origen: MX-MxUPN
  • Lengua de catalogación: spa
  • Agencia de transcripción: MX-MxUPN

150 ## - ENCABEZAMIENTO - TEMÁTICO

  • Término de materia o nombre geográfico como elemento inicial: Criminología

450 ## - VÉASE - MATERIA

  • Encabezamiento temático: Delitos y delincuentes

550 ## - VÉASE ADEMÁS - MATERIA

  • Encabezamiento temático o nombre geográfico como elemento de entrada: DELITO

550 ## - VÉASE ADEMÁS - MATERIA

  • Encabezamiento temático o nombre geográfico como elemento de entrada: DELINCUENTES

550 ## - VÉASE ADEMÁS - MATERIA

  • Encabezamiento temático o nombre geográfico como elemento de entrada: JUSTICIA PENAL -
  • Subdivisión temática general: ADMINISTRACION

670 ## - FUENTE EN LA QUE SE LOCALIZARON DATOS

  • Cita de la fuente: LC/P
  • Información localizada: Criminology

680 ## - NOTA GENERAL CON DESPLIEGUE PÚBLICO

  • Texto explicativo: Aquí se asientan las obras que tratan sobre las causas, detección y prevención del crimen, así como el tratamiento o el castigo que se aplica a los delincuentes. Los trabajos que tratan sobre la ocurrencia del crimen se asientan bajo
  • Encabezamiento: DELITO
  • Texto explicativo: Las obras que traten sobre el sistema de administración de la justicia criminal se asientan bajo
  • Encabezamiento: JUSTICIA PENAL - ADMINISTRACION

902 ## - CATALOGADOR

  • Catalogador: BDV/250907